Youngest Ever Goalscorers at the UEFA EUROs - Statistics

General Stats
  • This quiz has been taken 59 times
  • The average score is 10 of 25
Answer Stats
# Age Match Tournament Answer % Correct
1 16y 11m 26d Spain 2:1 France 2024 Lamine Yamal
96%
7 19y 4m 7d Portugal 1:2 Greece 2004 Cristiano Ronaldo
83%
3 18y 7m 24d England 3:0 Switzerland 2004 Wayne Rooney
81%
6 19y 3m 24d Türkiye 3:1 Georgia 2024 Arda Güler
80%
19 21y 3m 19d Germany 5:1 Scotland 2024 Jamal Musiala
69%
16 21y 1m 11d Germany 5:1 Scotland 2024 Florian Wirtz
63%
13 20y 11m 18d Serbia 0:1 England 2024 Jude Bellingham
63%
4 18y 10 m 12d Poland 1:1 (4:6 pens) Portugal 2016 Renato Sanches
54%
12 20y 6m 6d England 2:3 Romania 2000 Michael Owen
52%
20 21y 3m 25d Slovakia 0:5 Spain 2021 Ferran Torres
50%
17 21y 2m 19d Netherlands 1:2 England 2024 Xavi Simons
48%
10 19y 11m 18d Netherlands 1:4 England 1996 Patrick Kluivert
46%
22 21y 6m 4d Portugal 2:1 Czech Republic 2024 Francisco Conceição
44%
15 21y 1m 6d Spain 4:1 Russia 2008 Cesc Fàbregas
37%
13 20y 11m 18d Russia 1:4 Denmark 2021 Mikkel Damsgaard
37%
25 21y 6m 20d Sweden 2:3 England 2012 Danny Welbeck
24%
21 21y 4m 12d Switzerland 1:2 Türkiye 2008 Arda Turan
22%
23 21y 6m 6d Wales 2:1 Slovakia 2016 Ondrej Duda
19%
2 18y 4m 20d Switzerland 1:3 France 2004 Johan Vonlanthen
15%
9 19y 7m 25d England 2:3 Romania 2000 Cristian Chivu
13%
5 19y 3m 16d France 3:2 Yugoslavia 1984 Dragan Stojkovic
11%
8 19y 6m 0d Spain 2:1 AET Hungary 1964 Ferenc Bene
11%
11 20y 2m 3d Italy 2:0 Yugoslavia 1968 Pietro Anastasi
11%
18 21y 2m 29d Czech Republic 0:2 Türkiye 2016 Ozan Tufan
7%
24 21y 6m 8d Denmark 2:3 Spain 1988 Flemming Povlsen
6%
No matching quizzes found
Score Distribution
Percent of People with Each Score
Percentile by Number Answered
Your Score History
You have not taken this quiz